| 000 | 01315nam0a22002891 4500 | ||
|---|---|---|---|
| 001 | rc\91662 | ||
| 005 | 20050425162307.1 | ||
| 035 | _a(NLR Aleph) 008757057 | ||
| 090 |
_a7842570 _c7842570 |
||
| 100 | _a20021216d1991 u |0rusy50 ca | ||
| 101 | 0 | _arus | |
| 102 | _aRU | ||
| 105 | _ay ||||||||| | ||
| 200 | 1 |
_aФИЛОСОФСКОЕ понимание мира. Бытие, материя как исходные категории _eМетод. разраб. _fГл. упр. вузов при Гос. комис. Совета Министров СССР по продовольствию и закупкам, Кырг. с.-х. ин-т им. К.И. Скрябина _g[Сост.: Жумаканов С.Ж.] |
|
| 210 |
_aБишкек _cКСХИ _d1991 |
||
| 215 |
_a24 с. _d20 |
||
| 320 | _aБиблиогр.: с. 3 и в тексте | ||
| 606 | 1 |
_aБытие _jМетодические пособия _2nlr_sh1 |
|
| 606 | 1 |
_aМатерия _jМетодические пособия _2nlr_sh1 |
|
| 702 | 1 |
_aЖумаканов _bС. Ж. _4220 |
|
| 712 | 0 | 2 |
_aКыргызский с.-х. ин-т им.К.И.Скрябина _cБишкек _3RU\NLR\AUTH\8817903 |
| 801 | 0 |
_aRU _bNLR _gpsbo |
|
| 801 | 1 |
_aRU _bELAR _2rusmarc |
|
| 801 | 2 |
_aRU _bNLR _c20050425 _2rusmarc |
|
| 852 |
_aNLR _j92-4/3287 |
||
| 942 | _cBOOK | ||
| 980 | _aNB | ||